البسيط في مقدمة الكمبيوتر oracle pl- sql / (رقم التسجيلة. 127837)

تفاصيل مارك
000 -الفاتح
عناصر البيانات ثابتة الطول 00691cam a2200193 i 4500
005 - تاريخ ووقت آخر معاملة
حقل ضبط 20251108175153.0
008 - عناصر البيانات ثابتة الطول
عناصر البيانات ثابتة الطول 250721s2013 ua a gr 000 0 ara d
020 ## - الترقيم الدولي المعياري للكتب (ردمك)
الترقيم الدولي المعياري للكتب (ردمك) 9789775029416
082 14 - رقم تصنيف ديوي العشري
رقم التصنيف 004
رقم المادة ع ز ب
100 1# - مدخل رئيسي – اسم شخصي
الاسم الشخصي عزب، عزب محمد
علاقة الشخص بالعمل/ دوره مؤلف.
245 10 - بيان العنوان
العنوان البسيط في مقدمة الكمبيوتر oracle pl- sql /
بيان المسؤولية مهندس عزب محمد عزب.
250 ## - بيان الطبعة
بيان الطبعة الطبعة الاولى.
264 1# - بيانات النشر، التوزيع…إلخ
مكان النشر، التوزيع...إلخ القاهرة :
اسم الناشر، الموزع...إلخ دار الكتب العلمية للنشر والتوزيع،
تاريخ النشر، التوزيع...إلخ 2013.
300 ## - الوصف المادي
عدد الوحدات المكونة للوعاء 207 صفحة.
650 17 - مدخل إضافي بالموضوع - مصطلح موضوعي
مصطلح موضوعي أو اسم جغرافي كعنصر مدخل الحواسيب.
650 17 - مدخل إضافي بالموضوع - مصطلح موضوعي
مصطلح موضوعي أو اسم جغرافي كعنصر مدخل برامج الحواسيب.
942 ## - بيانات إضافية (كوها)
نوع التنصيف Dewey Decimal Classification
نوع المادة (كوها) كتب
المقتنيات
حالة السحب حالة الفقدان مصدر التصنيف حالة التلف غير قابل للإعارة المكتبة الرئيسية المكتبة الحالية موقع الرف تاريخ التزويد الرقم المتسلسل Total Checkouts رقم الإستدعاء الباركود تاريخ آخر ظهور تاريخ آخر استعارة تاريخ الفاتورة نوع المادة (كوها)
    Dewey Decimal Classification     المكتبة المركزية المكتبة المركزية الإعارة 28/07/2025 1558028 1 004/عزب PLD00285418 22/10/2025 22/10/2025 28/07/2025 كتب
    Dewey Decimal Classification     المكتبة المركزية المكتبة المركزية مقتنيات قسم التزويد 12/11/2013 1558029   004 / ع ز ب PLD00286163 28/07/2025   12/11/2013 كتب
    Dewey Decimal Classification     مكتبة أبو علندا العامة مكتبة أبو علندا العامة الإعارة 12/11/2013 1558030   004/عزب PLD00286164 28/07/2025   12/11/2013 كتب
    Dewey Decimal Classification     مكتبة الجويدة مكتبة الجويدة الإعارة 12/11/2013 1558031   004/عزب PLD00286165 28/07/2025   12/11/2013 كتب
    Dewey Decimal Classification     مكتبةمؤتة مكتبةمؤتة الإعارة 12/11/2013 1558032   004/عزب PLD00286166 28/07/2025   12/11/2013 كتب
Implemented & Customized by: BBB with SCIT (Smart Chains for Information Technology)

Powered by Koha